"Working on the margins: black workers, white farmers in postcolonial Zimbabwe" (Record no. 17316)
[ view plain ]
| 000 -LEADER | |
|---|---|
| fixed length control field | 00450nam a2200145Ia 4500 |
| 008 - FIXED-LENGTH DATA ELEMENTS--GENERAL INFORMATION | |
| fixed length control field | 191206s9999 xx 000 0 und d |
| 020 ## - INTERNATIONAL STANDARD BOOK NUMBER | |
| International Standard Book Number | 0797422412 (Weaver P |
| 090 ## - | |
| -- | HD8039.T62255 |
| 245 #0 - TITLE STATEMENT | |
| Title | "Working on the margins: black workers, white farmers in postcolonial Zimbabwe" |
| 260 ## - PUBLICATION, DISTRIBUTION, ETC. | |
| Place of publication, distribution, etc. | Weaver Press |
| 260 ## - PUBLICATION, DISTRIBUTION, ETC. | |
| Name of publisher, distributor, etc. | Postcolonial encounters |
| 260 ## - PUBLICATION, DISTRIBUTION, ETC. | |
| Date of publication, distribution, etc. | c2001 |
| 300 ## - PHYSICAL DESCRIPTION | |
| Extent | "xx, 268 p. : ill., maps ; 22 cm." |
| Withdrawn status | Lost status | Source of classification or shelving scheme | Damaged status | Not for loan | Home library | Current library | Date acquired | Inventory number | Total Checkouts | Full call number | Barcode | Date last seen | Price effective from | Koha item type |
|---|---|---|---|---|---|---|---|---|---|---|---|---|---|---|
| CUZ Bulawayo Campus | CUZ Bulawayo Campus | 06.12.2019 | CUB00713 | HD8039.T62255 | BBK001988 | 03.04.2025 | 06.12.2019 | OS Book |